Statistics for Flags of Countries in the Women's World Cup 2019

Click here to take the quiz!

General Stats

  • This quiz has been taken 263 times
  • The average score is 24 of 24

Answer Stats

Answer% Correct
Australia
100%
Brazil
100%
Canada
100%
France
100%
Japan
100%
United States
100%
Argentina
99%
China
99%
England
99%
Italy
99%
Jamaica
99%
South Africa
99%
South Korea
99%
Sweden
99%
Germany
98%
Netherlands
98%
New Zealand
98%
Norway
98%
Spain
98%
Scotland
97%
Chile
95%
Nigeria
95%
Thailand
91%
Cameroon
90%

Score Distribution

Percentile by Number Answered

Percent of People with Each Score

Your Score History

You have not taken this quiz